Statistics for Diaspora-Lithuania

Click here to take the quiz!

General Stats

  • This quiz has been taken 55 times
  • The average score is 15 of 17

Answer Stats

Number of immigrants Continent Country % Correct
652.790North AmericaUnited States of America
100%
31.377Asia/ EuropeRussia
94%
8.000EuropePoland
92%
212.000EuropeUnited Kingdom
92%
39.000EuropeGermany
90%
24.426EuropeLatvia
88%
49.130North AmericaCanada
86%
20.000South AmericaArgentina
86%
12.317OceaniaAustralia
86%
200.000South AmericaBrazil
86%
13.659EuropeSweden
84%
43.705EuropeNorway
82%
12.128EuropeSpain
80%
36.683EuropeIreland
78%
5.087EuropeBelarus
78%
7.207EuropeUkraine
76%
12.714EuropeDenmark
72%

Score Distribution

Percentile by Number Answered

Percent of People with Each Score

Your Score History

You have not taken this quiz